FC Nantes Squad 2022-2023 - Statistics

General Stats
  • This quiz has been taken 33 times
    27 since last reset
  • The average score is 22 of 34
Answer Stats
# Position Nation Player % Correct
1 GK Ivory Coast Alban Lafont
100%
3 DF Brazil Andrei Girotto
95%
21 DF Cameroon Jean-Charles Castelletto
95%
10 MF France Ludovic Blas
95%
27 FW Nigeria Moses Simon
95%
31 FW Egypt Mostafa Mohamed
90%
5 MF Spain Pedro Chirivella
90%
16 GK France Rémy Descamps
90%
8 MF DR Congo Samuel Moutoussamy
90%
30 GK Slovenia Denis Petrić
85%
14 FW Cameroon Ignatius Ganago
85%
17 MF France Moussa Sissoko
85%
4 DF France Nicolas Pallois
85%
99 FW Algeria Andy Delort
80%
29 DF France Quentin Merlin
80%
- Coach France Antoine Kombouaré
75%
2 DF Brazil Fábio
70%
- Coach France Pierre Aristouy
70%
12 DF France Dennis Appiah
60%
7 FW France Evann Guessand
60%
25 MF France Florent Mollet
60%
11 FW France Marcus Coco
60%
93 DF Mali Charles Traoré
55%
28 DF France Fabien Centonze
55%
55 FW France Abdoul Kader Bamba
50%
26 DF France Jaouen Hadjam
50%
24 DF France Sébastien Corchia
50%
38 DF Brazil João Victor
35%
20 MF France Lohann Doucet
25%
23 DF France Robin Voisine
20%
22 MF France Gor Manvelyan
15%
19 MF France Mohamed Achi
15%
18 MF France Samuel Yépié Yépié
15%
61 FW France Joe-Loic Affamah
10%
No matching quizzes found
Score Distribution
Percent of People with Each Score
Percentile by Number Answered
Your Score History
You have not taken this quiz since the last reset